000 00593nam a22001937a 4500
003 NUST
015 _qHardcover.
038 _aMr. Zahoor
082 _a200
100 _aHussain, Takasar
_916968
245 _aLamb modes having multiple zero-group velocity points /
_c Takasar Hussain
260 _aIslamabad :
_bSNS - NUST,
_c2014.
300 _axii 132 p. : ill. ;
600 _xPhD-Mathematics
_9123775
650 _aPhilosophy - PhD Thesis
_916959
700 _aSupervisor:Prof. Faiz Ahmad
_9123776
856 _uhttp://10.250.8.41:8080/xmlui/handle/123456789/3832
942 _2ddc
_cSC
999 _c526011
_d526011